000 00322nam a2200145 i 4500
001 bg
100 1 _aBASIUK, Jerzy
245 0 _aEksport warunkiem importu /
_cJerzy Basiuk.
260 _aWarszawa,
_c1978.
040 _cBPK
041 _apol
080 _a339
942 _cKS
008 s pl f |000 0 pol
999 _c9697
_d9697
856 _uhttp://koha.tu.koszalin.pl/cgi-bin/koha/opac-detail.pl?biblionumber=9697
_yKatalog online BPK